Statistiques concernant Cigarettes After sx songs

Cliquez ici pour prendre le quiz!

Statistiques générales

  • Ce quiz a été pris 16 fois
  • Le résultat moyen est 18 sur 33

Statistiques - réponses

Réponse% Correct
cry
100%
apocalypse
92%
k.
92%
sweet
83%
john wayne
75%
sunsetz
67%
touch
67%
affection
58%
each time you fall in love
58%
falling in love
58%
heavenly
58%
nothing's gonna hurt you baby
58%
opera house
58%
pure
58%
crush
50%
dreaming of you
50%
flash
50%
pistol
50%
sesame syrup
50%
starry eyes
50%
truly
50%
young and dumb
50%
don't let me go
42%
hentai
42%
i'm a firefighter
42%
kiss it off me
42%
you're the only good thing in my life
42%
bubblegum
33%
keep on loving you
33%
neon moon
33%
stop waiting
33%
you're all i want
33%
motion picture soundtrack
25%

Distribution des résultats

Percentile par nombre de réponses

% des personnes avec chaque résultat

Votre développement - résultats

Vous n’avez pas pris ce quiz